000 01086nam a22003377a 4500
001 BR7302238
003 BR-BrBNA
005 20230928083919.0
007 ta
008 230509b bl.||||| |||| 00| 0 por d
040 _aBR-BrBNA
_bpor
_cBiblioteca Nacional de Agricultura
041 _a(Por)
072 _aL10
_b5212
090 _ 5212 BR7302238
100 1 _aNajera Dominguez, A.
110 1 _aUniversidade Federal do Rio Grande do Sul, Porto Alegre (Brasil). Faculdade de Agronomia
_0Tese (Mestre em Agronomia)
245 1 _aEstudo de alguns fatores que influenciam a duracao da gestacao e o peso do terneiro ao nascer nas vacas das racas Hereford e Charolez
260 3 _aPorto Alegre, RS (Brasil):
_c1975.
300 _a72 p.
500 _a28 tables; Bibliography p. 56-61 (60 ref.); Summary (Por)
650 _aGENETICA ANIMAL
650 _aPRENHEZ
650 _aBOVINO
650 _aBEZERRO
650 _aVACA
650 _aGADO CHAROLES
650 _aGADO HEREFORD
650 _aREPRODUCAO ANIMAL
909 _a202309
_bLucia
_c55
_dLucia Elande
942 _cBK
999 _c15805
_d15805